000 00319nam a22001337a 4500
008 170511b xxu||||| |||| 00| 0 eng d
020 _a9780760740767
041 _aeng
080 _a343.9
100 _a15
101 _aSHJ
245 _aFORENSIC TRUE CRIME SCENE INVESTIGATIONS
_cERZINCLOGLU.Z
942 _2udc
_cBK
999 _c13187
_d13187